Elismeréseket adtak át a szegedi egyetem napján

Elmentve itt :
Bibliográfiai részletek
További közreműködők: Karnok Csaba
Dokumentumtípus: Cikk
Megjelent: 2019-11-11
Sorozat:Délmagyarország 109 No. 261
Kulcsszavak:Szegedi Tudományegyetem Napja, Egyetem Napja - 2019, Ünnepi Szenátusülés, Kitüntetések - kitüntetettek névsora, Badó Attila - Pro Universitate-díj, Dux László - Pro Universitate-díj, Janka Zoltán - Klebelsberg Kuno-díj, Egyetemtörténet, Rovó László - rektor
Online Access:http://univ.bibl.u-szeged.hu/52051
LEADER 00842nab a2200181 i 4500
001 univ52051
005 20191111124250.0
008 191111s2019 hu o 0|| zxx d
040 |a SZTE UnivHistória Repozitórium  |b hun 
041 |a zxx 
245 0 0 |a Elismeréseket adtak át a szegedi egyetem napján  |h [elektronikus dokumentum] 
260 |c 2019-11-11 
300 |a 1,3 
490 0 |a Délmagyarország  |v 109 No. 261 
561 |a Egyetemi hirarchívum 
695 |a Szegedi Tudományegyetem Napja, Egyetem Napja - 2019, Ünnepi Szenátusülés, Kitüntetések - kitüntetettek névsora, Badó Attila - Pro Universitate-díj, Dux László - Pro Universitate-díj, Janka Zoltán - Klebelsberg Kuno-díj, Egyetemtörténet, Rovó László - rektor 
700 0 1 |a Karnok Csaba 
856 4 0 |u http://univ.bibl.u-szeged.hu/52051/1/10666098.pdf  |z Dokumentum-elérés